[Event "Red Bull Chess Masters 2018"]
[Site "Istanbul"]
[Date "2018.10.20"]
[Round "2.2"]
[White "Aliakbarov, Anar"]
[Black "Celikel, Fatih"]
[Result "1/2-1/2"]
[WhiteElo "2281"]
[BlackElo "1856"]
[Annotator "TA"]
[PlyCount "51"]
[EventDate "2018.10.19"]
[EventType "team-tourn"]
[EventCountry "TUR"]
[SourceTitle "playchess.com"]
[Source "ChessBase"]
[SourceQuality "1"]

{[%evp 14,51,70,0,7,6,28,22,24,8,73,32,88,-43,20,-14,-13,-4,31,27,40,42,99,103,110,0,0,0,0,0,7,-14,-15,-22,8,0,0,-17,0,0]} 1. d4 Nf6 2. c4 g6 3. Nc3 Bg7 4. e4 d6 5. Nf3 Bg4 6. Be2 O-O 7. Be3 Nbd7 8. Ng1 (8. O-O $14) 8... Bxe2 $11 {E91: King's Indian: Classical: 6 Be2, unusual replies including 6...c5 and 6...Bg4} 9. Ngxe2 c6 (9... c5 10. d5 a6 11. a4 Qa5 12. Bd2 Ne5 13. b3 Nd3+ 14. Kf1 Nd7 15. h4 h5 16. Rh3 {1-0 (39) Beliavsky,A (2650)-Cebalo,M (2511) Nova Gorica 1999}) 10. f3 e5 11. O-O Qe7 $146 (11... exd4 $11 12. Bxd4 (12. Nxd4 Re8 $14) 12... a6) ({Predecessor:} 11... a6 12. a4 exd4 13. Nxd4 d5 14. cxd5 cxd5 15. exd5 Nb6 16. d6 Nc4 {0-1 (38) Cubek,C-Panzalovic,S (2440) Baden 2003}) 12. Qd2 Nh5 ({Black should try} 12... exd4 $14 13. Bxd4 (13. Nxd4 Nb6 $11) 13... Rfd8) 13. f4 (13. d5 $16) 13... f5 (13... exf4 $15 14. Bxf4 Nxf4 15. Nxf4 Rae8) 14. fxe5 dxe5 15. Bg5 Qd6 {[%cal Re5d4]} 16. c5 Qc7 17. exf5 exd4 (17... Rxf5 $14 18. Rxf5 gxf5) 18. Nxd4 $16 Nxc5 19. Ne6 (19. b4 $16 Be5 20. Nf3 (20. bxc5 Bxh2+ 21. Kf2 Qg3+ 22. Ke2 Qg4+ 23. Kd3 Be5 $11)) 19... Nxe6 $11 {The position is equal.} 20. fxe6 {[#] Strongly threatening e7.} Qe5 21. Rfe1 Qc5+ 22. Be3 Qe7 23. Bg5 Qc5+ 24. Be3 Qe7 25. Bg5 Qc5+ 26. Be3 {Precision: White = 41%, Black = 32%.} 1/2-1/2

[Event "Red Bull Chess Masters 2018"]
[Site "Istanbul"]
[Date "2018.10.20"]
[Round "2.2"]
[White "Tarlabasi, Emirhan"]
[Black "Ozen, Bahadir"]
[Result "1/2-1/2"]
[WhiteElo "2264"]
[BlackElo "2349"]
[Annotator "TA"]
[PlyCount "66"]
[EventDate "2018.10.19"]
[EventType "team-tourn"]
[EventCountry "TUR"]
[SourceTitle "playchess.com"]
[Source "ChessBase"]
[SourceQuality "1"]

{[%evp 16,66,0,0,4,0,-4,0,0,-6,-12,-30,-12,-12,0,-36,-5,-38,-37,-37,-22,-23,-24,-26,-17,-43,-6,-33,-24,-35,-27,-39,0,-30,0,-46,-20,-28,-10,-39,-5,-45,-14,-29,0,0,37,-30,0,0,0,0,79]} 1. d4 d5 2. c4 e6 3. Nc3 Nf6 4. cxd5 Nxd5 5. Nf3 c5 6. Nxd5 Qxd5 7. e3 cxd4 {D41: Queen's Gambit Declined: Semi-Tarrasch with 5 cxd5} 8. Qxd4 Qxd4 9. Nxd4 {LiveBook: 4 Games} Bd7 10. Bd2 (10. Bb5 e5 11. Bxd7+ Kxd7 12. Nb3 Nc6 13. Ke2 Be7 14. Bd2 Rac8 15. a3 b6 16. Bc3 Ke6 17. e4 Rhd8 18. Rhd1 g6 19. f3 Rxd1 20. Rxd1 Rd8 21. Rxd8 {½-½ (21) Pohjala,H (2376)-Keinanen,T (2329) Finland 2017}) 10... Nc6 $146 ({Predecessor:} 10... Bd6 11. Be2 e5 12. Nb5 Bxb5 13. Bxb5+ Ke7 14. Ke2 {½-½ (41) Muench,W (1644)-Beuschel,U (1375) Nuremberg 2001}) 11. Nxc6 Bxc6 12. Bc3 h5 {[%cal Bh7h5,Bh5h4][%mdl 32]} 13. O-O-O h4 14. Rg1 Rd8 15. Bd3 Rh5 16. g3 hxg3 17. hxg3 g6 18. Rd2 Be7 19. Rgd1 Rh2 20. Rf1 Rd5 21. Be2 Rf5 22. Bg4 Rg5 23. Be2 Rf5 24. Bg4 Rg5 25. Be2 a6 26. Bd3 Rgh5 27. Kc2 Rg2 28. Bd4 Rhh2 29. e4 Bb4 30. Re2 g5 31. Be3 (31. Kb3 $14 Bd6 32. Rc2) 31... Rh5 32. Kb3 Bd6 33. Rd2 {[#] Be2 is the strong threat.} Be7 {Precision: White = 34%, Black = 24%.} (33... g4 $11 {keeps the balance.}) 1/2-1/2

[Event "Red Bull Chess Masters 2018"]
[Site "Istanbul"]
[Date "2018.10.20"]
[Round "2.2"]
[White "Karaokcu, Erkin"]
[Black "Isik, Alparslan"]
[Result "1-0"]
[WhiteElo "2256"]
[BlackElo "2220"]
[Annotator "TA"]
[PlyCount "49"]
[EventDate "2018.10.19"]
[EventType "team-tourn"]
[EventCountry "TUR"]
[SourceTitle "playchess.com"]
[Source "ChessBase"]
[SourceQuality "1"]

{[%evp 22,49,58,47,58,0,39,35,52,40,255,263,254,257,396,393,393,388,377,216,296,287,1038,1027,29991,29992,29992,29993,29993,29994]} 1. d4 Nf6 2. c4 g6 3. Nc3 Bg7 4. g3 d6 5. Bg2 O-O 6. Nf3 Nbd7 7. O-O e5 8. e4 exd4 9. Nxd4 Re8 10. h3 a6 11. Be3 Rb8 12. Rc1 {LiveBook: 10 Partien. E68: Königsindisch (Hauptvariante des g3-Systems mit e2-e4)} Qe7 $146 ({Vorgänger:} 12... c5 13. Nde2 Ne5 14. b3 b5 15. f4 Ned7 16. Qd3 Bb7 17. g4 b4 18. Nd5 Nxd5 19. cxd5 a5 {½-½ (38) Bocharov,D (2560)-Mamedyarov,S (2736) Berlin 2015}) 13. Nd5 (13. Re1 $14) 13... Nxd5 14. cxd5 {Weiß steht etwas besser.} Nc5 15. f3 {Droht stark b4.} f5 $2 {[#]} (15... a5 $1 $14) 16. b4 $18 fxe4 {Droht ...Sd3.} 17. bxc5 exf3 (17... dxc5 {war nötig.} 18. Ne6 (18. fxe4 cxd4 19. Bxd4 c6 $16) 18... Bxe6) 18. Rxf3 dxc5 19. Ne6 Bxe6 20. dxe6 (20. Bxc5 $142 Qd8 21. dxe6) 20... Qxe6 21. Bxc5 Qxa2 $2 {[#]} (21... Rbd8) 22. Rf8+ $1 {[%mdl 512]} Bxf8 (22... Rxf8 23. Bd5+) 23. Bd5+ {Weiß setzt Matt.} Qxd5 24. Qxd5+ Kh8 25. Bd4+ 1-0

[Event "Red Bull Chess Masters 2018"]
[Site "Istanbul"]
[Date "2018.10.20"]
[Round "2.2"]
[White "Dogan, Ali Ekber"]
[Black "Yucesoy, Atil"]
[Result "1-0"]
[WhiteElo "2200"]
[BlackElo "1685"]
[Annotator "TA"]
[PlyCount "87"]
[EventDate "2018.10.19"]
[EventType "team-tourn"]
[EventCountry "TUR"]
[SourceTitle "playchess.com"]
[Source "ChessBase"]
[SourceQuality "1"]

{[%evp 15,87,24,33,21,35,-1,27,28,131,114,133,143,134,70,86,77,110,108,120,120,120,118,117,117,116,116,129,125,122,93,242,241,241,227,261,260,270,256,212,246,252,236,289,289,289,275,275,275,328,332,502,493,527,524,486,591,553,581,560,558,902,637,1081,1037,991,999,760,848,5602,5222,29971,29966,29981,29982]} 1. d4 d5 2. c4 c6 3. Nf3 Nf6 4. e3 g6 5. Bd3 Bg7 6. O-O O-O 7. Nbd2 Bf5 8. Bxf5 gxf5 {LiveBook: 6 Partien} 9. Qb3 {D70: Grünfeldindisch (Abweichung im 3. Zug)} (9. Qc2 e6 10. Nb3 Ne4 11. Bd2 Nxd2 12. Nfxd2 Nd7 13. f3 Rc8 14. Qd3 Qe7 15. Rfe1 dxc4 16. Nxc4 c5 {½-½ (56) Tregubov,P (2556)-Bu,X (2645) Moscow 2006}) 9... Qc7 10. Ne5 (10. Qc2 {keeps more tension.} e6 11. b3 Rd8 12. Bb2 a5 13. Rab1) 10... Ne4 $146 (10... e6 {is more complex.} 11. cxd5 cxd5 12. Nd3 Nc6 13. Nf3 Ne4) ({Vorgänger:} 10... e6 11. Qc2 Nbd7 12. Ndf3 Rfc8 13. Nxd7 Qxd7 14. Ne5 Qc7 15. Nd3 b5 16. c5 Ng4 {½-½ (50) Yang,K (2360)-Ma,Q (2481) Beijing 2012}) 11. cxd5 {Weiß hat minimalen Vorteil.} Nxd2 (11... Bxe5 $11 {hält das Gleichgewicht.} 12. dxe5 cxd5) 12. Bxd2 $16 Bxe5 13. dxe5 cxd5 {[#]} 14. Qxd5 (14. e4 $1 $16 {Droht Lh6 und aus.} dxe4 15. Bh6 (15. Qg3+ Kh8 $11)) 14... Rd8 $14 15. Qa5 Qxa5 16. Bxa5 Rd5 17. Bc3 Nc6 18. Rfd1 Rad8 19. Rxd5 Rxd5 $16 {[%mdl 4096] Endspiel KTL-KTS} 20. f4 b5 21. Rc1 Rc5 22. Kf2 b4 (22... Nb4 $16 23. Ra1 Nd3+ 24. Kg3 b4) 23. Bd2 $18 Rxc1 24. Bxc1 {KL-KS} e6 25. Ke2 Ne7 26. Kd3 Nd5 27. e4 fxe4+ 28. Kxe4 Kf8 29. Kd4 Ke7 30. Bd2 Kd7 31. Kc5 f6 32. exf6 Nxf6 (32... b3 {war angesagt.} 33. f7 Ke7 34. axb3 Kxf7) 33. Bxb4 Ng4 34. h3 {[%cal Bh2h3,Bh3h4,Bh4h5][%mdl 32]} Ne3 35. g4 {[%cal Bg2g4,Bg4g5][%mdl 32]} Nd1 36. Be1 Nxb2 {[#] ...Sd3+ ist eine echte Drohung.} 37. Kd4 Kd6 38. h4 a6 39. h5 Ke7 40. g5 Kf7 41. Bf2 Nd1 42. Bg1 Nb2 43. Kc3 Na4+ 44. Kb3 {Precision: Weiß = 76%, Schwarz = 30%.} 1-0

[Event "Red Bull Chess Masters 2018"]
[Site "Istanbul"]
[Date "2018.10.20"]
[Round "2.2"]
[White "Eren, Ataberk"]
[Black "Gunduz, Umut Erdem"]
[Result "1-0"]
[WhiteElo "2188"]
[BlackElo "2205"]
[Annotator "TA"]
[PlyCount "86"]
[EventDate "2018.10.19"]
[EventType "team-tourn"]
[EventCountry "TUR"]
[SourceTitle "playchess.com"]
[Source "ChessBase"]
[SourceQuality "1"]

{[%evp 20,86,39,39,52,46,44,43,40,0,0,0,8,4,14,0,18,-14,-22,-14,-1,-43,72,59,70,25,87,75,69,69,88,58,117,99,141,32,79,48,65,42,41,56,24,36,140,129,131,137,128,131,122,6,7,0,116,28,31,30,30,22,54,54,54,57,70,63,90,90,81]} 1. d4 Nf6 2. c4 {[%cal Bc2c4,Bc4d5][%mdl 32]} c5 3. d5 e6 4. Nc3 exd5 5. cxd5 d6 6. e4 g6 7. Bd3 Bg7 8. Nge2 O-O 9. O-O a6 10. a4 Nbd7 11. Ng3 {LiveBook: 46 Games} Ne8 {A65: Modern Benoni: 6 e4} (11... Rb8 12. f4 Re8 13. Qf3 h5 14. h3 h4 15. Nge2 Re7 16. Be3 Qe8 17. Bf2 b5 18. axb5 axb5 19. e5 dxe5 20. Bxb5 exf4 21. Nxf4 Rxb5 22. Nxb5 {0-1 (54) Romanov,E (2577)-Gabuzyan,H (2578) Golden Sands 2015}) 12. f4 Nc7 13. Be3 Rb8 {White is slightly better.} 14. a5 $146 ({Predecessor:} 14. e5 f5 15. exf6 Nxf6 16. f5 b5 17. axb5 axb5 18. Qd2 c4 19. Be2 Bxf5 20. Nxf5 gxf5 21. Rxf5 Qe7 22. Bf3 b4 23. Ne2 Ne4 24. Rxf8+ Rxf8 25. Qxb4 {½-½ (25) Schaefer,U (2339)-Panitevsky,I (2307) ICCF email 2014}) 14... b5 15. axb6 Rxb6 16. Ra2 Nb5 17. Nxb5 axb5 18. Qe2 c4 19. Bc2 Rb8 20. b3 {[%cal Bb2b3,Bb3b4][%mdl 32]} c3 {[#]} (20... cxb3 $15 21. Bxb3 Nc5) 21. b4 $1 $16 Re8 22. Qd3 Qh4 (22... h5 $1 $11 {remains equal.}) 23. Ne2 Nf6 24. Bf2 Qh6 $1 25. Nxc3 {Threatens to win with Bd4.} Ng4 (25... Bd7 $14) 26. Bg3 $36 {[%mdl 2048] White has strong initiative.} f5 27. h3 ({White should play} 27. Nxb5 $16 Rxe4 28. Qd2 (28. Nxd6 $2 Re3 $19)) 27... fxe4 $14 28. Nxe4 Bf5 29. Re1 Rxe4 $1 30. Rxe4 Nf6 31. Qf3 $1 {aiming for Re6.} Nxe4 (31... Bxe4 $14 32. Bxe4 Rf8) 32. Bxe4 $16 Bd4+ 33. Kh2 {Strongly threatening Qd3.} Bd7 34. Ra6 Rc8 {[%cal Bb8c8,Bc8c1,Bc1f1][%mdl 32]} 35. Qd1 (35. Bd3 $16) 35... Be3 $1 $11 36. Qf3 ({Much worse is} 36. Rxd6 Rc1 $17) (36. Qe2 $11 Bxf4 37. Qf3) 36... Bd4 $16 37. Rxd6 (37. Bd3 $16) 37... Rc1 $1 $11 {White must now prevent ...Bg1+.} 38. Bf2 Rf1 $1 {[%cal Rf1f2]} 39. Rxd7 Bxf2 40. Qg4 $1 {[%cal Rg4e6] Threatening mate with Qe6+.} Bg1+ 41. Kg3 {Qe6+ would kill now.} Bf2+ 42. Kf3 {White threatens Qe6+ and mate.} Bh4+ {[#]} 43. Ke2 $1 {Intending Qe6+ and mate.} Qxf4 {Precision: White = 51%, Black = 57%.} 1-0

[Event "Red Bull Chess Masters 2018"]
[Site "Istanbul"]
[Date "2018.10.20"]
[Round "2.2"]
[White "Zor, Alber Kadir"]
[Black "Eren, Cuneyt"]
[Result "1-0"]
[WhiteElo "2167"]
[BlackElo "2084"]
[Annotator "TA"]
[PlyCount "64"]
[EventDate "2018.10.19"]
[EventType "team-tourn"]
[EventCountry "TUR"]
[SourceTitle "playchess.com"]
[Source "ChessBase"]
[SourceQuality "1"]

{[%evp 19,64,14,15,18,34,13,26,29,29,9,10,9,8,11,13,0,0,-42,-27,-67,-10,-5,22,-30,20,47,100,11,21,14,19,0,0,10,32,0,4,0,150,149,124,125,169,131,317,308,289]} 1. b3 Nf6 2. Bb2 g6 3. Nf3 Bg7 4. g3 O-O 5. Bg2 d5 6. c4 c6 7. O-O e6 8. d4 Nbd7 9. Nbd2 Re8 10. Qc2 b6 {LiveBook: 3 Games. D78: Fianchetto Grünfeld: 6 0-0 c6} 11. e4 dxe4 12. Nxe4 Nxe4 {The position is equal.} 13. Qxe4 Bb7 14. Rfd1 (14. Rad1 Rb8 15. Qc2 Qc7 16. Rfe1 Rbd8 17. Bc1 Qb8 18. Bf4 {½-½ (31) Diaz Perez,M (2312)-Hernandez Gonzalez,W (2284) San Nicolas de Bari 2012}) 14... Qc7 15. Ne5 Nxe5 16. dxe5 Red8 17. Re1 $146 ({Predecessor:} 17. b4 Rab8 18. Rxd8+ Qxd8 {1-0 (53) Hanssen,G (2210)-Remman,F (1798) Vadso 2009}) 17... Rd7 18. c5 Rad8 19. Bc1 {[#]} Bf8 (19... Bxe5 $1 $15 {[%mdl 512]} 20. Qxe5 Qxe5 21. Rxe5 Rd1+ 22. Bf1 Ba6) 20. Bg5 $11 Be7 21. Bf6 (21. Bxe7 $142 Rxe7 22. Qa4) 21... Rd4 22. Qe3 bxc5 ({Better is} 22... Qd7 $14) 23. Rac1 ({White should try} 23. Qh6 $16 {[%csl Gf6][%cal Rh6g7]} Bf8 24. Bxd8 Qxd8 25. Qe3) 23... R8d7 24. Bxe7 $40 {[%mdl 128] White has some attack.} Rxe7 25. Rxc5 Red7 26. h4 {[%cal Bh2h4,Bh4h5,Bh5h6][%mdl 32]} Qb6 27. Rec1 Rd2 28. h5 Rd1+ (28... Rxa2 $11 29. h6 Kf8) 29. Rxd1 $16 Rxd1+ 30. Kh2 Qd8 31. h6 Qf8 $2 {[#]} (31... Rd3 $16 32. Qf4 Rd4) 32. Bxc6 $18 Bxc6 {Precision: White = 29%, Black = 43%.} 1-0

[Event "Red Bull Chess Masters 2018"]
[Site "Istanbul"]
[Date "2018.10.20"]
[Round "2.2"]
[White "Erdogan, Anil Berk"]
[Black "Ozsakallioglu, Okan"]
[Result "1-0"]
[WhiteElo "2116"]
[BlackElo "2050"]
[Annotator "TA"]
[PlyCount "69"]
[EventDate "2018.10.19"]
[EventType "team-tourn"]
[EventCountry "TUR"]
[SourceTitle "playchess.com"]
[Source "ChessBase"]
[SourceQuality "1"]

{[%evp 29,69,0,0,-15,16,18,35,37,36,32,42,33,41,44,48,39,19,14,35,0,135,40,140,148,149,157,150,187,219,198,533,564,654,646,643,587,995,967,5506,5506,5497,5497]} 1. e4 c5 2. Nf3 e6 3. d4 cxd4 4. Nxd4 Nc6 5. Nc3 Nf6 6. Ndb5 d6 7. Bf4 e5 8. Bg5 a6 9. Na3 b5 {[%cal Bb7b5,Bb5b4][%mdl 32]} 10. Nd5 Be7 11. Bxf6 Bxf6 12. c4 b4 13. Nc2 a5 14. h4 {B33: Sicilian: Pelikan and Sveshnikov Variations} (14. Qf3 Be6 15. Rd1 Bxd5 16. Rxd5 Ne7 17. Rb5 Rb8 18. Bd3 Bg5 19. O-O O-O 20. Rd1 Qc7 21. a3 b3 {½-½ (72) Bogner,S (2619)-Cordova,E (2609) Batumi 2018}) 14... Be6 15. g3 O-O {LiveBook: 122 Games} 16. Bh3 {The position is equal.} Bxd5 (16... a4 {looks sharper.} 17. Bg4 b3 18. Nce3 a3 19. axb3 axb2 20. Rb1 Ra2) 17. cxd5 Nd4 18. Nxd4 exd4 19. O-O $146 ({Predecessor:} 19. Qd3 Re8 20. O-O Ra7 21. Rac1 Qe7 {½-½ (29) Mester,A (2078)-Ondok,L (2141) Hungary 2015}) 19... a4 20. Rc1 Re8 21. Qd3 Qe7 22. f3 {[%cal Bf2f3,Bf3f4][%mdl 32]} g6 23. Rc4 Rab8 24. Rfc1 {[%cal Bf1c1,Bc1c6,Bc6a6,Ba6a7][%mdl 32]} Qf8 (24... Bg7 $11 {keeps the balance.}) 25. Rc7 ({White should try} 25. Bd7 $16) 25... Qh6 (25... Bd8 $14) 26. f4 $16 a3 27. b3 Qg7 28. R1c6 Be7 {[#]} 29. Ra6 $1 Bf8 $2 (29... Qh8 {is tougher.} 30. Raa7 Qf6) 30. Raa7 $18 {White is clearly winning.} Qf6 31. Rxf7 Qxf7 32. Be6 Qxe6 33. dxe6 Rxe6 34. Qc4 Rbe8 35. f5 {Precision: White = 62%, Black = 29%.} 1-0

[Event "Red Bull Chess Masters 2018"]
[Site "Istanbul"]
[Date "2018.10.20"]
[Round "2.2"]
[White "Tofan, Ibrahim"]
[Black "Gokerkan, Cem Kaan"]
[Result "0-1"]
[WhiteElo "2070"]
[BlackElo "2420"]
[Annotator "TA"]
[PlyCount "94"]
[EventDate "2018.10.19"]
[EventType "team-tourn"]
[EventCountry "TUR"]
[SourceTitle "playchess.com"]
[Source "ChessBase"]
[SourceQuality "1"]

{[%evp 9,93,-20,-15,-49,-8,-57,-24,-45,-40,-29,-47,-40,-17,-85,-30,-47,18,4,9,19,10,30,69,61,58,54,75,51,72,71,55,41,40,22,40,40,45,0,0,0,0,0,0,0,0,0,0,0,20,-122,-12,-17,-11,-16,-14,-14,-14,-14,-13,-17,-8,-94,-20,-21,-21,-25,0,-4,0,-538,-536,-835,-835,-830,-828,-826,-821,-820,-817,-753,-661,-627,-594,-29988,-29989,-29999]} 1. e4 c5 2. b3 Nc6 3. Bb2 Nf6 {[%cal Bg8f6,Bf6d5,Bd5b6][%mdl 32]} 4. e5 Nd5 5. Qf3 (5. Nf3 g6 6. Bc4 Nb6 7. Bb5 Bg7 8. Bxc6 bxc6 9. O-O c4 10. Re1 O-O 11. d3 cxd3 12. Qxd3 d6 13. c4 dxe5 14. Qxd8 Rxd8 15. Nxe5 {0-1 (67) Morozevich,A (2731)-Nakamura,H (2775) Dubai 2014}) 5... e6 6. Bc4 {B20: Sicilian: Unusual White 2nd moves} Nb6 $146 ({Predecessor:} 6... Ndb4 7. Na3 a6 8. Ne2 b5 9. c3 bxc4 10. cxb4 Bb7 11. Nxc4 Na5 12. Qg3 Nxc4 13. bxc4 {1-0 (28) Krahe,F (2232)-Kettler,B (2249) Germany 2007}) 7. Qg3 (7. Na3 {feels hotter.} Nd4 8. Bxd4 cxd4 9. Nb5 Nxc4 10. bxc4 d6 11. exd6 Bxd6 12. Qe4) 7... d6 8. Bb5 {Black has an edge.} Bd7 9. Bxc6 Bxc6 10. Nf3 Qd7 11. a4 (11. d3 $11) 11... O-O-O (11... Nd5 $17) 12. O-O Bxf3 (12... f6 $15) 13. Qxf3 $11 dxe5 14. a5 Nd5 15. a6 Bd6 16. axb7+ Qxb7 17. Nc3 Nb4 {[#]} 18. Ne4 $1 f5 19. Nxd6+ Rxd6 20. Qc3 (20. Bxe5 {with more complications.} Qxf3 21. gxf3 Ra6 22. Rxa6 Nxa6 23. d4) 20... Rd5 21. Ra5 Qb6 $1 {[%cal Rb6a5]} 22. Rfa1 Rhd8 23. Rxa7 Rxd2 {White must now prevent ...Rd1+.} 24. Ra8+ Kb7 25. R8a7+ Kc6 26. h3 Rd1+ 27. Kh2 Rxa1 28. Rxa1 Rd5 29. Qg3 (29. Qc4 $11 {remains equal.} Qb8 30. Bc3) 29... Qc7 (29... Nxc2 $17 30. Rc1 Nb4 31. Qxg7 Nd3) 30. c3 Nd3 31. c4 Rd7 $1 32. Bc3 e4 {Strongly threatening ...Qxg3+.} 33. Ra6+ Kb7 34. Rxe6 Qxg3+ 35. Kxg3 {[%mdl 4096] Endgame [#] KRB-KRN} (35. fxg3 $11 Nc1 36. g4) 35... Nc1 ({Better is} 35... f4+ $1 $17 36. Kg4 Rf7) 36. Be5 Nxb3 37. Kf4 g6 38. g4 Nd4 39. Bxd4 $4 {[%mdl 8192]} (39. Rf6 $11) 39... cxd4 $19 40. gxf5 $11 {KR-KR} d3 41. c5 d2 42. c6+ Kc7 43. cxd7 d1=Q {aiming for ...Qf3+.} 44. Rxe4 Qd2+ 45. Kf3 Qd3+ 46. Kf4 {[#]} g5+ $1 47. Ke5 (47. Kxg5 Qxe4) 47... Qd6# {Precision: White = 57%, Black = 51%.} 0-1

[Event "Red Bull Chess Masters 2018"]
[Site "Istanbul"]
[Date "2018.10.20"]
[Round "2.2"]
[White "Sahin, Handenur"]
[Black "Tofan, Zeynep"]
[Result "1-0"]
[WhiteElo "1998"]
[BlackElo "1058"]
[Annotator "NA RC"]
[PlyCount "56"]
[EventDate "2018.10.19"]
[EventType "team-tourn"]
[EventCountry "TUR"]
[SourceTitle "playchess.com"]
[Source "ChessBase"]
[SourceQuality "1"]
[TimeControl "600+5"]

1. e4 {[%emt 0:00:05]} e5 {[%emt 0:00:05]} 2. Nf3 {[%emt 0:00:02]} Nc6 {[%emt 0:00:07]} 3. Bb5 {[%emt 0:00:05]} d6 {[%emt 0:00:05]} 4. Nc3 {[%emt 0:00:17]} Bd7 {[%emt 0:00:05]} 5. O-O {[%emt 0:00:05]} Be7 {[%emt 0:00:05]} 6. d4 {[%emt 0:00:06]} exd4 {[%emt 0:00:10]} 7. Nxd4 {[%emt 0:00:01]} Nxd4 {[%emt 0:00:35]} 8. Qxd4 {[%emt 0:00:29]} Nf6 {[%emt 0:02:20]} 9. Bc4 {[%emt 0:00:54]} O-O {[%emt 0:01:03]} 10. Bg5 {[%emt 0:00:44]} h6 {[%emt 0:00:45]} 11. Bh4 {[%emt 0:00:13]} a6 {[%emt 0:01:09]} 12. a4 {[%emt 0:00:14]} Rb8 {[%emt 0:00:28]} 13. a5 {[%emt 0:00:08]} Re8 {[%emt 0:01:07]} 14. Rfe1 {[%emt 0:00:23]} Bc6 {[%emt 0:01:01]} 15. Bg3 {[%emt 0:01:21]} Qd7 {[%emt 0:00:59]} 16. h3 {[%emt 0:00:22]} Rbd8 {[%emt 0:00:36]} 17. Nd5 {[%emt 0:01:03]} Nxd5 {[%emt 0:00:07]} 18. exd5 {[%emt 0:00:33]} Bb5 {[%emt 0:00:08]} 19. Bb3 {[%emt 0:01:11]} Bf6 {[%emt 0:00:09]} 20. Qd2 {[%emt 0:00:38]} Bxb2 {[%emt 0:00:05]} 21. c4 {[%emt 0:00:31]} Bxa1 {[%emt 0:00:22]} 22. Rxa1 {[%emt 0:00:04]} Bxc4 {[%emt 0:00:09]} 23. Bxc4 {[%emt 0:00:05]} Qf5 {[%emt 0:00:06]} 24. Bd3 {[%emt 0:00:08]} Qf6 {[%emt 0:00:01]} 25. Rc1 {[%emt 0:00:09]} Rd7 {[%emt 0:00:11]} 26. Qb4 {[%emt 0:00:21]} c6 {[%emt 0:00:06]} 27. dxc6 {[%emt 0:00:05]} bxc6 {[%emt 0:00:01]} 28. Bxa6 {[%emt 0:00:24]} Re6 {[%emt 0:00:15]} 1-0